000 00535nam a2200181Ia 4500
003 GCL
008 140319s9999 xx 000 0 ara d
040 _aGCL /
_cGCL
082 0 4 _a291.042
_bم د
100 1 _aمحمد العريبى
245 1 0 _aالديانات الوضعية المنقرضة /
_cمحمد العريبى
300 _a288 ص
490 _aموسوعة الاديان السماوية والوضعية
_v0
650 0 4 _aالديانات
650 0 4 _aالدين
650 0 4 _aالاديان
942 _2ddc
_cBK
999 _c48228
_d48228